000 00772nam a22002172 4500
001 0000011831
005 20151217155848.0
008 090112s xx 000 0 eng d
020 _a9966944958 :
040 _aKABU
_cKABU
100 1 _aSimatele, Munacinga C. H.
_@0000167857
245 1 0 _aFood production in Zambia :
_bimpact of selected structural adjastment policies /
_cMunacinga C. H. Simatele.
250 _a1st ed.
260 _aNairobi :
_bAfrican Economic Research Consortium,
_c2006.
300 _a33 p.
650 0 _aFood supply
_xEconomic aspects
_zZambia.
_@0000167858
650 0 _aStructural adjustment (Economic policy)
_zZambia.
_@0000167859
852 1 _9p100 KES
908 _a090112
950 _@1
999 _c13412
_d13412